Managing The Testing Process (Record no. 299527)

MARC details
000 -LEADER
fixed length control field 00441nam a2200169Ia 4500
008 - FIXED-LENGTH DATA ELEMENTS--GENERAL INFORMATION
fixed length control field 230718s9999 xx 000 0 und d
041 ## - LANGUAGE CODE
Language code of text/sound track or separate title eng
082 ## - DEWEY DECIMAL CLASSIFICATION NUMBER
Classification number 005.14'2
Item number BLA
100 ## - MAIN ENTRY--PERSONAL NAME
Personal name Black R.
9 (RLIN) 132354
245 ## - TITLE STATEMENT
Title Managing The Testing Process
260 ## - PUBLICATION, DISTRIBUTION, ETC. (IMPRINT)
Date of publication, distribution, etc. 1999
Name of publisher, distributor, etc. Microsoft
300 ## - PHYSICAL DESCRIPTION
Extent 380
Accompanying material [OBSOLETE, CAN/MARC] Ref 655 C (10733)
365 ## - TRADE PRICE
Currency code Rs.
Price amount 1787.55
500 ## - GENERAL NOTE
Keywords 655 C
700 ## - ADDED ENTRY--PERSONAL NAME
Personal name Black R.
9 (RLIN) 132354
906 ## - LOCAL DATA ELEMENT F, LDF (RLIN)
d B:195109-Oct-1999
c COMP
b 268.13
Holdings
Withdrawn status Lost status Source of classification or shelving scheme Reference No Damaged status Not for loan Home library Current library Date acquired Vendor Budget Code Cost, normal purchase price Bill number Full call number Barcode Date last seen Discount Cost, replacement price Bill Date Koha item type Original Barcode
    Dewey Decimal Classification Ref 655 C (10733)     Cummins College of Engineering for Women Pune Cummins College of Engineering for Women Pune 22/10/1999 Tbs COMP 1519.42 1951 005.14'2 CCEP-BK-10733 18/07/2023 268.13 1787.55 09/10/1999 Books 010733